000 00663nam a22001457a 4500
020 _a978-0-439-67175-0
082 _a823
_bABB/C
100 _aABBOTT, TONY
245 _aTHE SECRETS OF DROON
_bTHE CHARIOT OF QUEEN ZARA
260 _aNEW YORK
_bSCHOLASTIC
_c2013
300 _a124
520 _aEric and his friends soon learn that the old wizard is trapped in the city of Parthnoop, on the dark side of the moon, and only Queen Zara's flying chariot will take them there. But with genies, urn-riders, and secrets around every turn, can they reach Galen in time? Or will they be trapped in Parthnoop, too?
650 _aADVENTURE STORY
_zUNITED STATES
942 _cBK
999 _c6135
_d6135